000 01541nam a2200325 i 4500
003 OSt
005 20220111111137.0
008 220111t2020 iluao g 000 0 eng d
020 _a9781728225326
_cRM79.95
_qhardback
040 _aPPAK
_beng
_cPPAK
_erda
082 0 4 _223
_a158
090 0 0 _a158
_bGRE
_dG
100 1 _aGreen, Dan,
_eauthor.
245 1 0 _aFINISH STRONG :
_bAmazing Stories Courage and Inspiration /
_cDAN GREEN
264 1 _aNaperville, Illinois :
_bSimple Truths,
_c2020
264 4 _c©2020.
300 _aviii, 108 pages :
_bcolour photographs ;
_c18 cm.
336 _2rdacontent
_atext
337 _2rdamedia
_aunmediated
338 _2rdacarrier
_avolume
490 1 _aIgnite Reads.
500 _aFirst published in 2008.
520 _aThe Finish Strong mindset is a powerful platform for achievement personally, professionally and spiritually. Finish Strong is packed with motivational and inspirational stories of individuals who overcame adversity to Finish Strong. Dan Green has written 20 engaging chapters guaranteed to give you a quick shot of inspiration and motivation. A must read for students, athletes, professionals and anyone looking for a new way to think about life. Some of the stories featured include: Bethany Hamilton, John Baker, Ray Kroc, Paul Hamm, Julie Moss, Ben Hogan and Helen Keller.
650 1 0 _aAttitude (Psychology)
650 2 0 _aSuccess
_vPsychological aspects.
650 2 0 _aCourage.
655 7 _aSelf-help publications
830 0 _aIgnite reads.
942 _2ddc
_cB
999 _c186977
_d186977